V-ZrSiO4 ceramic pigments obtained from chemically activated natural zircon; Journal of Economics and Social Sciences; № 14

গ্রন্থ-পঞ্জীর বিবরন
Parent link:Journal of Economics and Social Sciences: electronic scientific journal.— , 2012-.— 2312-2978
№ 14.— 2019.— [4 p.]
প্রধান লেখক: Sharafeev Sh. Sharif
সংস্থা লেখক: School of Advanced Manufacturing Technologies, Tomsk Polytechnic University
সংক্ষিপ্ত:Title screen
This paper presents the synthesis method of V-ZrSiO4 solid solutions (ZrVxSi1-xO4 and ZrVxSiO4, x = 0.05, 0.10, 0.15)based on products of plasma dissociated zircon which treated by ammonium hydrofluoride NH4HF2 aiming to explorethe potential of this technology in the manufacturing of ceramic pigments. Green pigments were obtained by calcinationof mixtures of fluorinated plasma dissociated zircon with vandium pentoxide at 1000 – 1500 °C. Blue pigments wereobtained using mineralizer sodium fluoride NaF at 750 °C. The use of fluorinated plasma dissociated zircon led to higheryield of green and blue color of pigments. The increase of the calcination temperature of blue pigments made lower bluecolor yield due to formation of orange colored V-ZrO2 solid solutions.
ভাষা:ইংরেজি
প্রকাশিত: 2019
মালা:Экономические науки
বিষয়গুলি:
অনলাইন ব্যবহার করুন:http://earchive.tpu.ru/handle/11683/55726
বিন্যাস: MixedMaterials বৈদ্যুতিক গ্রন্থের অধ্যায়
KOHA link:https://koha.lib.tpu.ru/cgi-bin/koha/opac-detail.pl?biblionumber=584058

MARC

LEADER 00000naa2a2200000 4500
001 584058
005 20231101131109.0
035 |a (RuTPU)RU\TPU\prd\285309 
035 |a RU\TPU\prd\285308 
090 |a 584058 
100 |a 20190821a2019 k y0engy50 ba 
101 0 |a eng 
102 |a RU 
135 |a drcn ---uucaa 
181 0 |a i  
182 0 |a b 
200 1 |a V-ZrSiO4 ceramic pigments obtained from chemically activated natural zircon  |f Sh. Sharafeev 
203 |a Text  |c electronic 
215 |a 1 файл (322 Кб) 
225 1 |a Экономические науки 
230 |a Электронные текстовые данные (1 файл : 322 Кб) 
300 |a Title screen 
320 |a [References: 6 tit.] 
330 |a This paper presents the synthesis method of V-ZrSiO4 solid solutions (ZrVxSi1-xO4 and ZrVxSiO4, x = 0.05, 0.10, 0.15)based on products of plasma dissociated zircon which treated by ammonium hydrofluoride NH4HF2 aiming to explorethe potential of this technology in the manufacturing of ceramic pigments. Green pigments were obtained by calcinationof mixtures of fluorinated plasma dissociated zircon with vandium pentoxide at 1000 – 1500 °C. Blue pigments wereobtained using mineralizer sodium fluoride NaF at 750 °C. The use of fluorinated plasma dissociated zircon led to higheryield of green and blue color of pigments. The increase of the calcination temperature of blue pigments made lower bluecolor yield due to formation of orange colored V-ZrO2 solid solutions. 
461 1 |0 (RuTPU)RU\TPU\prd\225573  |x 2312-2978  |t Journal of Economics and Social Sciences  |o electronic scientific journal  |d 2012- 
463 1 |0 (RuTPU)RU\TPU\prd\285293  |t № 14  |v [4 p.]  |d 2019 
610 1 |a электронный ресурс 
610 1 |a труды учёных ТПУ 
610 1 |a сeramic pigments 
610 1 |a zircon 
610 1 |a plasma activation 
610 1 |a ammonium hydrofluoride 
700 1 |a Sharafeev  |b Sh.  |g Sharif 
712 0 2 |a School of Advanced Manufacturing Technologies, Tomsk Polytechnic University 
801 1 |a RU  |b 63413507  |c 20090623  |g PSBO 
801 2 |a RU  |b 63413507  |c 20190903  |g PSBO 
856 4 0 |u http://earchive.tpu.ru/handle/11683/55726 
942 |c BK